000 01096nam a22002655i 4500
001 157066
003 ES-MaACL
005 20230906210557.0
008 930831q18871898fr |||| | fre d
040 _aCAT
_bspa
_cCAT
_dCCPB
080 4 _a804.0
100 0 _aLarousse, Pierre.
_970284
245 1 0 _aCours lexicologique de style
_b: livre du maitre /
_cpar P. Larousse.
260 _aParis :
_bLibrairie Larousse, Hollier Larousse & Cie,
_c[s.a. ]
300 _a278 p. ;
_c18 cm.
490 1 _aLa Lexicologie des écoles : cours complet de langue française et de style
594 _aInf. compl. del tít. en la cubierta: Autrefois Lexicologie, 2e année.
596 _aFecha aprox. de publicación [entre 1887 y 1898] obtenida a partir de BNP.
650 4 _aLengua francesa-
_vLibros escolares.
_914224
650 0 4 _aLengua francesa-
_xGramática.
_914220
710 2 _aLibrairie Larousse (París)
_9134631
830 0 _aLa Lexicologie des écoles : cours complet de langue française et de style
_9221748
852 _aES-MaACL
_jD-2045
_z-- Enc. cartón
999 _c157066
_d157066